Pemimpin termashur di dunia

Bibliographic Details
Other Authors: Dr. Sherryda Halid
Format: Book
Published: Selangor : Pustaka RBS , 2008
Subjects:

MARC

LEADER 00000cam a2200000 7i4500
001 0000036651
005 20151222.0
008 130627
020 |a 9834313494 
090 0 0 |a BIO   |b MAL 
245 1 0 |a Pemimpin termashur di dunia   |c penyunting Dr. Sherryda Halid 
260 |a Selangor :   |b Pustaka RBS ,   |c 2008 
500 |a Children ages 10-12 years old (pink) 
650 0 |a Leaders   |x Biography   |x Juvenile literature 
700 0 |a Dr. Sherryda Halid 
999 |a 0001042311   |b Book   |c Children Collection   |e Cawangan Segamat 
999 |a 0001042312   |b Book   |c Children Collection   |e Cawangan Bandar Penawar 
999 |a 0001227557   |b Book   |c Children Collection   |e Perbadanan Perpustakaan Awam Johor 
999 |a 0001227558   |b Book   |c Children Collection   |e Perbadanan Perpustakaan Awam Johor